Responses for show #5192 - Tuesday, March 20, 2007

Contestants

Debbie Harris, a legislative aide originally from Brooklyn, New York

Steve Snyder, a chemical and materials engineer from Tiffin, Ohio

Jamey Kirby, a humanities teacher originally from Live Oak, Florida (whose 2-day cash winnings total $38,677)

Jeopardy! Round responses

THE KENNEDYS
NO. 1 HITS IN OTHER WORDS
FORESTS
MILITARY MATTERS
5 "CC"s
ALEX HAS LEFT THE BUILDING
    $200 21
(Steve: What is 6?)

9

JameySteve
    $200 1
(Alex: ...by Van Halen.)

"Jump"

Debbie
    $200 12
Pygmies

Steve
    $200 19
the American Revolution

Jamey
    $200 9
vaccination

Jamey
    $200 6
the Kremlin

Jamey
    $400 24
Caroline Kennedy

Debbie
    $400 2
"Chariots Of Fire"

Debbie
    $400 13
the Green Mountains

Steve
    $400 20
a Bronze Star

Steve
    $400 17
saccharin

Steve
    $400 7
the Parthenon

Jamey
    $600 25
(Debbie: What is Ireland?)
...
(Alex: He was appointed Ambassador to the Court of St. James, [*].)

Great Britain

Debbie
Triple Stumper
    $600 3
"We Are The World"

Debbie
    $1,500 14
Sherwood Forest

Steve
    $600 28
biplanes

Steve
    $600 18
moccasins

Jamey
    $600 8
[Laughter]
(Alex: Obviously I haven't seen these either.)

the Empire State Building

Steve
    $800 26
Ted Kennedy

Debbie
    $800 4
(Debbie: What is "Bridge Over Troubled Waters"?)

"Bridge Over Troubled Water"

JameyDebbie
    $800 15
Yellowstone

Steve
    $800 29
(Steve: What is lieutenant? First lieutenant?)

second lieutenant

JameySteve
    $800 22
accessory

Debbie
    $800 10
the Transamerica building

Debbie
    $1000 27
RFK (Robert Kennedy)

Steve
    $1000 5
(Debbie: What is "Like..."? Oh, I'm sorry. I don't know.)
(Alex: Oh, that's too bad... What is [*]? [*], Madonna.)

"Like A Prayer"

Debbie
Triple Stumper
    $1000 16
(Alex: And that's [*], believe it or not.)

Berlin

Triple Stumper
    $1000 30
an anchor

Debbie
    $1000 23
Piccadilly Circus

Debbie
    $1000 11
10 Downing Street

Steve

Scores at the first commercial break (after clue 14):

Jamey Steve Debbie
$1,600 $3,700 $200

Scores at the end of the Jeopardy! Round:

Jamey Steve Debbie
$3,400 $5,900 $3,600

Double Jeopardy! Round responses

SMALL ISLANDS
FROM FILM TO TV
TIME FOR A HAIRCUT
COLLEGE TOWNS
POET-POURRI
"HOD" PODGE
    $400 12
Monte Cristo

Jamey
    $400 1
Charlie Sheen

Debbie
    $400 22
(Jamey: What's the part?)

cowlick

Jamey
Triple Stumper
    $400 3
Washington, D.C.

Steve
    $400 11
Lord Byron

Steve
    $400 17
(Steve: Oh, what, oh, what is dogma?)

orthodox

Steve
Triple Stumper
    $800 20
Midway

Jamey
    $800 2
Bewitched

Steve
    $800 27
bangs

Jamey
    $800 4
Eugene

Steve
    $800 13
Westminster Abbey

Jamey
    $800 18
roughshod

Jamey
    $1200 24
Red Sea

Steve
    $1200 8
(Jamey: [No response])

Just Shoot Me

JameySteve
    $1200 28
curling iron (or curling roller)

Triple Stumper
    $1200 5
(Debbie: What is Gainesville?)

Tallahassee

JameyDebbie
    $1,777 14
(Alex: Okay, a significant wager, I will assume.)

Sappho

Jamey
    $1200 19
(Steve: What is Methodism?)
[Steve was initially correct but was ruled incorrect before clue 29.]

a Methodist

Steve
Triple Stumper
    $1600 25
St. Helena

Steve
    $1600 9
(Fred) Gwynne

Jamey
    $400 29
(Jamey: Uh, what is a crew cut?)

a flat top

Jamey
    $1600 6
Nashville

Steve
    $1600 15
(Emma) Lazarus

Jamey
    $1600 21
(Jamey: Oh, it doesn't. Um... What is Idaho?)

Rhode Island

Jamey
Triple Stumper
    $2000 26
Cozumel

Debbie
    $2000 10
(Steve: Who is Phil Silvers?)
...
(Alex: Who was the star of Dragnet, [*]?)

Jack Webb

Steve
Triple Stumper
    $2000 30
the occipital bone

Triple Stumper
    $2000 7
(Steve: What is Lincoln, Nebraska?)
...
(Alex: You're not that far away. [*], [*] for Creighton.)

Omaha

Steve
Triple Stumper
    $2000 16
(Octavio) Paz

Jamey
    $2000 23
a cathode ray tube

Steve

Scores at the end of the Double Jeopardy! Round:

Jamey Steve Debbie
$11,577 $10,300 $4,800

[wagering suggestions for these scores]

Final Jeopardy! Round responses

OLYMPIC HISTORY
(Alex: The story of the man who ran a long distance to tell Athens of the news of the victory at that place.)
DebbieWhat is the Marathon?
$2,000
SteveWhat is the Pentatholon?
$1,751
JameyWhat is The Marathon
$10,011
the marathon

Final scores:

Jamey Steve Debbie
$21,588 $8,549 $6,800
3-day champion: $60,265 2nd place: $2,000 3rd place: $1,000

Game dynamics:

Coryat scores:

Jamey Steve Debbie
$11,400 $9,400 $4,800
18 R
(including 1 DD),
4 W
(including 1 DD)
19 R
(including 1 DD),
6 W
11 R,
4 W

Combined Coryat: $25,600

The J! Archive is created by fans, for fans. The Jeopardy! game show and all elements thereof, including but not limited to copyright and trademark thereto, are the property of Jeopardy Productions, Inc. and are protected under law. This website is not affiliated with, sponsored by, or operated by Jeopardy Productions, Inc. Join the discussion at JBoard.tv.